| 000 | 00627cam a2200193 4500 | ||
|---|---|---|---|
| 008 | 000000n1999 000 0 eng u | ||
| 020 | _a0105450952 | ||
| 035 | _a(Sirsi) u102964 | ||
| 245 | _aDisability Discrimination Act 1995 | ||
| 260 |
_aLondon _bStationery Office _c1999 |
||
| 300 |
_aiii, 80p. _c30cm. |
||
| 350 | _a9.55 | ||
| 520 | _aView the Act at www.hmso.go.uk. | ||
| 650 | _aDISABILITY DISCRIMINATION ACT 1995 | ||
| 650 | _aPEOPLE WITH DISABILITIES | ||
| 690 | _aLAW | ||
| 856 |
_uhttps://www.legislation.hmso.gov.uk/acts/acts1995/Ukpga_19950050_en_1.htm _zView the Act on the HMSO website... |
||
| 942 | _n0 | ||
| 999 |
_c100082 _d100082 |
||